| 000 | 00330nam a2200121Ia 4500 | ||
|---|---|---|---|
| 008 | 210430s9999 xx 000 0 und d | ||
| 082 | _a330.95491Z211 I | ||
| 100 |
_aS.Akbar Zaidi _913214 |
||
| 245 |
_aIssues in Pakistan,s Economy _cS.Akbar Zaidi |
||
| 260 |
_apakistan _bAmeena Saiyid _c1999 |
||
| 300 | _a530p | ||
| 942 |
_cBK _2ddc |
||
| 999 |
_c563845 _d563845 |
||